000 00927nam a2200253Ia 4500
003 OSt
005 20220923215145.0
006 a|||||r|||| 00| 0
007 ta
008 220922b |||||||| |||| 00| 0 hin d
024 _a176,193
037 _cTextual
040 _aARTS
_cARTS
_bhin
041 _2hin
_ahin
082 _aO152,1:gN, K7
100 _aत्रिपाठी, करूणापति
245 0 _aआधुनिक हिन्दी का्रव्य प्रवृत्तियां
246 _aĀdhunik hindī kāravya pravṛuttiyāan
260 _aवाराणसी
_b हिन्दी प्रचारक पुस्तकालय
_c1967
300 _a232 पृ.
_ccm.
650 _aहिन्दी साहित्य
_9156264
942 _hO152,1:gN, K7
_cTEXL
_2CC
999 _c329750
_d329750